Η κατασκευή μιας ταινίας

Αποθηκεύτηκε σε:
Λεπτομέρειες βιβλιογραφικής εγγραφής
Κύριος συγγραφέας: Strauss, Federic
Άλλοι συγγραφείς: Huet, Anne, Γαβαλά, Μαρία, 1947- (trlf)
Μορφή: Βιβλίο
Γλώσσα:Greek
French
Δημοσίευση: [Αθήνα] : Πατάκης, 2007.
Σειρά:Κινηματογραφικές σπουδές. Τετράδια κινηματογράφου
Θέματα:
Ετικέτες: Προσθήκη ετικέτας
Δεν υπάρχουν, Καταχωρήστε ετικέτα πρώτοι!

MARC

LEADER 00000cam a2200000 i 4500
001 1/104323
008 090427s2007 gr | ||| |||| ||gre||
020 |a 9789601625232 
035 |l 10104375 
040 |a GR-MY-UA  |b gre  |e aacr 
041 1 |a gre  |h fre 
082 7 |a 791.430233   |2 (22) 
100 1 |a Strauss, Federic. 
245 1 2 |a Η κατασκευή μιας ταινίας /   |c Frederic Strauss, Anne Huet ; μετάφραση: Μαρία Γαβαλά.  
260 |a [Αθήνα] :   |b Πατάκης,   |c 2007.  
300 |a 101 σ. :   |b εικ. ;   |c 19 εκ.  
490 1 |a (Κινηματογραφικές σπουδές / Τετράδια κινηματογράφου)  
500 |a Μετάφραση από τα γαλλικά: Faire un film.  
504 |a Περιέχει βιβλιογραφικές παραπομπές.  
650 0 0 |a Motion pictures  |x Production and direction. 
700 1 |a Huet, Anne. 
700 1 |a Γαβαλά, Μαρία,   |d 1947-  |e trlf 
830 0 |a Κινηματογραφικές σπουδές. Τετράδια κινηματογράφου 
852 |a INST  |b LESVOS  |e 20090427  |h 791.430233 STR  |p 005100044881  |q 005100044881  |t BK  |y 0 
852 |a INST  |b LESVOS  |e 20100924  |h 791.430233 STR  |p 005100048672  |q 005100048672  |t BK  |y 0 
852 |a INST  |b LESVOS  |e 20100924  |h 791.430233 STR  |p 005100048673  |q 005100048673  |t BK  |y 0 
852 |a INST  |b LESVOS  |e 20100924  |h 791.430233 STR  |p 005100048674  |q 005100048674  |t BK  |y 0 
852 |a INST  |b LESVOS  |e 20100924  |h 791.430233 STR  |p 005100048675  |q 005100048675  |t BK  |y 0 
901 |a BIBL1-2009-1 
901 |a BIBL1-2010-3 
909 |a Λ  |b 157737 
909 |a Λ  |b 165315 
909 |a Λ  |b 165316 
909 |a Λ  |b 165317 
909 |a Λ  |b 165318 
970 |a ΚΑΡΑ  |b ΓΙΑΣΕΜΗ  |z 2009/04/27